Principios y ejercicios de geometría para uso de los alumnos de segundo año

Gespeichert in:
Bibliographische Detailangaben
1. Verfasser: Vallín y Bustillo, Acisclo F.
Format: Buch
Sprache:Spanisch
Erschienen: Madrid : Imprenta de Santiago Aguado, 1863
Ausgabe:Ed. estereotípica, 3ª tirada
Katalog:MANES:  Suchergebnis im Bibliothekskatalog
Schulbuchspezifische Eigenschaften:
Tags: Tag hinzufügen
Keine Tags, Fügen Sie den ersten Tag hinzu!
Hinzugefügt zu:29.11.1999
Geändert in:16.06.2025

MARC

LEADER 00000cam a2200000zi 4500
005 20250616135052.0
008 000000s1863 esp 000 0 spa d
040 |a uned  |b spa  |c entro-manes 
100 |a Vallín y Bustillo, Acisclo F.  |9 14297 
245 1 0 |a Principios y ejercicios de geometría para uso de los alumnos de segundo año /  |c por Acisclo F. Vallin y Bustillo 
250 |a Ed. estereotípica, 3ª tirada 
260 |a Madrid :   |b Imprenta de Santiago Aguado,   |c 1863 
300 |a 77 p., [2] h. de lám. pleg. 
546 |a España 
561 |5 es-BUNED  |3 L.T. 2069  |a España. Fondo Manes UNED  |k MANES 
690 0 |a MATE 
691 0 |a SE 
942 |2 ddc  |c BK 
999 |c 98710  |d 98710 
999 |c manes:98710  |d 98710